00680nam a2200181 i 450000100060000000300090000600500170001500700030003200800410003510000340007624501040011026000480021430000220026270000390028485200320032399900170035595201260037278678ES-MaACL20230906173800.0t|041015s1959 sp ||||1| spa d1 aHalm, George Nikolaus.96161110aEconomía del dinero y de la banca / cGeorge N. Halm ; traducción de Pedro Martínez Méndez. aBarcelona : bBosch, c[1959] (fClarasó) a719 p. ; c25 cm.1 aMartínez Méndez, Pedro.978228 aES-MaACLjC-20553 bR.48874 c78678d78678 00104070aATENEOMbATENEOMcGaleríad2008-01-17eSCl0oC-20553p1082289r2023-02-23 00:00:00w2023-02-23yMONOGRAFIA